00381 a2200109 4500001001000000005001700010008004100027245010800068100002200176700003000198773004300228ART_1095220260410161624.0260409a 10aContabilización de las subvenciones Una cuestión no considerada en las normas contables argentinas1 aRondi, Gustavo R.1 aCasal, María del Carmen0 tEnfoquesg- Nº 12 (dic. 2012)wREV416